Contemporary advertising (Record no. 85424)
[ view plain ]
| 000 -LEADER | |
|---|---|
| fixed length control field | 00498nam a2200205Ia 4500 |
| 008 - FIXED-LENGTH DATA ELEMENTS--GENERAL INFORMATION | |
| fixed length control field | 230125s9999 xx 000 0 und d |
| 020 ## - INTERNATIONAL STANDARD BOOK NUMBER | |
| International Standard Book Number | 0-07-066766-7 |
| 041 ## - LANGUAGE CODE | |
| Language code of text/sound track or separate title | eng |
| 082 ## - DEWEY DECIMAL CLASSIFICATION NUMBER | |
| Classification number | 659.1 |
| Item number | ARE |
| 100 ## - MAIN ENTRY--PERSONAL NAME | |
| Personal name | Arens W F |
| 9 (RLIN) | 108634 |
| 245 ## - TITLE STATEMENT | |
| Title | Contemporary advertising |
| 250 ## - EDITION STATEMENT | |
| Edition statement | 10th ed |
| 260 ## - PUBLICATION, DISTRIBUTION, ETC. (IMPRINT) | |
| Date of publication, distribution, etc. | 2008 |
| Name of publisher, distributor, etc. | Tata McGraw Hill |
| Place of publication, distribution, etc. | New Delhi |
| 300 ## - PHYSICAL DESCRIPTION | |
| Extent | 614p |
| 500 ## - GENERAL NOTE | |
| Keywords | advertising |
| 650 ## - SUBJECT ADDED ENTRY--TOPICAL TERM | |
| Topical term or geographic name as entry element | Advertising |
| 700 ## - ADDED ENTRY--PERSONAL NAME | |
| Personal name | Arens W F |
| 9 (RLIN) | 108634 |
| 906 ## - LOCAL DATA ELEMENT F, LDF (RLIN) | |
| b | 121 |
| Withdrawn status | Lost status | Damaged status | Not for loan | Home library | Current library | Date acquired | Vendor | Cost, normal purchase price | Bill number | Total Checkouts | Full call number | Barcode | Date last seen | Cost, replacement price | Bill Date | Koha item type | Original Barcode |
|---|---|---|---|---|---|---|---|---|---|---|---|---|---|---|---|---|---|
| Smt. Hiraben Nanavati Institute of Management & Research for Women | Smt. Hiraben Nanavati Institute of Management & Research for Women | 16/09/2010 | Forward Books | 550.00 | 4073 | 659.1 ARE B08759 | HIMR-BK-8759 | 25/01/2023 | 429.00 | 30/08/2010 | Books | B08759 | |||||
| Smt. Hiraben Nanavati Institute of Management & Research for Women | Smt. Hiraben Nanavati Institute of Management & Research for Women | 09/09/2009 | Pritam Book Centre | 499.00 | 6427 | 659.1 ARE B07563 | HIMR-BK-7563 | 25/01/2023 | 374.00 | 27/08/2009 | Books | B07563 |